| 000 | 01706nam a2200349 a 4500 | ||
|---|---|---|---|
| 001 | 000007557 | ||
| 005 | 20260330121750.0 | ||
| 008 | 090909s1993 dr ac 001 0 spa d | ||
| 040 |
_aDO-SdBNP _bspa _cBNPHU |
||
| 082 |
_a323.34 _bA185d |
||
| 100 | 1 |
_aAcosta de Pérez, Luz Dalis _920975 |
|
| 245 | 1 | 4 |
_aLos derechos de la mujer / _cLuz Dalis Acosta de Pérez. |
| 260 |
_aSanto Domingo : _bUASD, _c1993. |
||
| 300 |
_a177 p. : _bil., retrs. ; _c22 cm. |
||
| 490 | 1 |
_aPublicaciones de la Universidad Autónoma de Santo Domingo ; _v728 |
|
| 490 | 1 |
_aDerecho y política ; _v12 |
|
| 500 | _aIncluye bibliografía y notas al pie de páginas. | ||
| 504 | _aBibliografía : p177. | ||
| 505 | 0 |
_gIntroducción -- _tHistoria del derecho de la mujer -- _tLegislación -- _tNacionalidad de la mujer -- _tEl concubinato o unión libre -- _tAborto y adulterio -- _tLa mujer en el derecho laboral y comercial -- _tDelitos contra la mujer -- _tLa mujer a nivel nacional -- _tLa mujer a nivel internacional -- _tLa mujer en la actualidad -- _gAnexos -- _gBibliografía. |
|
| 590 | _aInventariado, 2018/BT | ||
| 650 | 4 |
_aDerechos de la mujer _xHistoria _920976 |
|
| 650 | 4 |
_aMujeres _xSituación legal _zRepública Dominicana _96395 |
|
| 650 | 4 |
_aMujeres _xCuestiones sociales y morales _zRepública Dominicana _97010 |
|
| 650 | 4 |
_aAdopción _920977 |
|
| 650 | 0 |
_aDivorcio _91267 |
|
| 650 | 0 |
_aConcubinato _920978 |
|
| 650 | 4 |
_aDelitos contra la mujer _zRepública Dominicana _912636 |
|
| 710 | 1 |
_aUniversidad Autónoma de Santo Domingo _972951 |
|
| 830 | 0 |
_aDerecho y política ; _n12 _920979 |
|
| 830 | 0 |
_aPublicaciones de la Universidad Autónoma de Santo Domingo ; _n728 _920980 |
|
| 910 | _aValidado. Control de calidad. EMS | ||
| 999 |
_c7338 _d7338 |
||